[Event "9. Forchheimer Sparkassen Open 2010"]
[Site "Forchheim"]
[Date "2010.10.01"]
[Round "1.54"]
[White "Pötzl, Alexander"]
[Black "Dreiseitel, Werner"]
[Result "0-1"]
[WhiteElo "1150"]
[BlackElo "1487"]
[PlyCount "74"]
[EventDate "2010.??.??"]
[WhiteTeam "TSV Kirchehrenbach"]
[BlackTeam "SC Noris-Tarrasch Nürnberg 1873"]

1. e4 {[%emt 0:00:00]} c6 {[%emt 0:00:11]} 2. Bc4 {[%emt 0:00:02]} d5 {
[%emt 0:00:01]} 3. exd5 {[%emt 0:00:03]} cxd5 {[%emt 0:00:02]} 4. Bb5+ {
[%emt 0:00:01]} Nc6 {[%emt 0:00:02]} 5. d4 {[%emt 0:00:02]} Bf5 {[%emt 0:00:03]
} 6. Bg5 {[%emt 0:00:02]} a6 {[%emt 0:00:02]} 7. Bxc6+ {[%emt 0:00:02]} bxc6 {
[%emt 0:00:01]} 8. Nf3 {[%emt 0:00:02]} Qb6 {[%emt 0:00:02]} 9. b3 {
[%emt 0:00:02]} e6 {[%emt 0:00:02]} 10. Nc3 {[%emt 0:00:02]} Bd6 {
[%emt 0:00:02]} 11. h3 {[%emt 0:00:02]} h6 {[%emt 0:00:02]} 12. g4 {
[%emt 0:00:05]} Bh7 {[%emt 0:00:01]} 13. Bh4 {[%emt 0:00:02]} Ne7 {
[%emt 0:00:02]} 14. g5 {[%emt 0:00:02]} Nf5 {[%emt 0:00:02]} 15. gxh6 {
[%emt 0:00:02]} Nxh4 {[%emt 0:00:02]} 16. Nxh4 {[%emt 0:00:02]} gxh6 {
[%emt 0:00:01]} 17. Rg1 {[%emt 0:00:03]} O-O-O {[%emt 0:00:03]} 18. Rg7 {
[%emt 0:00:05]} Rdg8 {[%emt 0:00:04]} 19. Rg4 {[%emt 0:00:07]} Be7 {
[%emt 0:00:02]} 20. Rc1 {[%emt 0:00:03]} Bxh4 {[%emt 0:00:03]} 21. Qf3 {
[%emt 0:00:05]} Rxg4 {[%emt 0:00:05]} 22. Qxg4 {[%emt 0:00:02]} Bg5 {
[%emt 0:00:02]} 23. f4 {[%emt 0:00:02]} Bf6 {[%emt 0:00:02]} 24. Ne2 {
[%emt 0:00:02]} Bxd4 {[%emt 0:00:03]} 25. c3 {[%emt 0:00:02]} Bf6 {
[%emt 0:00:02]} 26. Qh5 {[%emt 0:00:04]} Bg6 {[%emt 0:00:02]} 27. Qg4 {
[%emt 0:00:03]} Qd8 {[%emt 0:00:02]} 28. Nd4 {[%emt 0:01:28]} Bxd4 {
[%emt 0:00:03]} 29. cxd4 {[%emt 0:00:02]} Qa5+ {[%emt 0:00:01]} 30. Kd1 {
[%emt 0:00:03]} Qxa2 {[%emt 0:00:04]} 31. Rxc6+ {[%emt 0:00:00]} Kd7 {
[%emt 0:00:01]} 32. Rb6 {[%emt 0:00:03]} Rc8 {[%emt 0:00:03]} 33. Ke1 {
[%emt 0:00:03]} Qa1+ {[%emt 0:00:07]} 34. Kf2 {[%emt 0:00:02]} Qxd4+ {
[%emt 0:00:02]} 35. Ke1 {[%emt 0:00:03]} Rc1+ {[%emt 0:00:03]} 36. Ke2 {
[%emt 0:00:02]} Rc2+ {[%emt 0:00:02]} 37. Kf1 {[%emt 0:00:02]} Qf2# {
[%emt 0:00:02]} 0-1

[Event "9. Forchheimer Sparkassen Open 2010"]
[Site "Forchheim"]
[Date "2010.10.01"]
[Round "1.55"]
[White "Kraja, Dzemal"]
[Black "Klinkhammer, Christopher"]
[Result "1/2-1/2"]
[WhiteElo "2400"]
[BlackElo "2400"]
[PlyCount "32"]
[EventDate "2010.??.??"]
[TimeControl "300"]

1. e4 e5 2. Nf3 d6 3. d4 Nf6 4. Nc3 Nbd7 5. dxe5 dxe5 6. Bc4 Be7 7. O-O O-O 8.
Qe2 c6 9. Rd1 Qc7 10. Bg5 Nc5 11. Bxf6 Bxf6 12. h3 Qb6 13. Rab1 Be6 14. b4 Bxc4
15. Qxc4 Ne6 16. Na4 Qc7 1/2-1/2

[Event "9. Forchheimer Sparkassen Open 2010"]
[Site "Forchheim"]
[Date "2010.10.01"]
[Round "1.56"]
[White "Heger, Heinz"]
[Black "Heinlein, Hans-Albert"]
[Result "0-1"]
[WhiteElo "2400"]
[BlackElo "2400"]
[PlyCount "72"]
[EventDate "2010.??.??"]
[TimeControl "300"]

1. e4 e5 2. Nf3 d6 3. c3 Bg4 4. Be2 Nf6 5. d4 Nbd7 6. O-O Nxe4 7. h3 Bh5 8. Re1
h6 9. Bd3 Nef6 10. Nbd2 Be7 11. Qb3 b6 12. dxe5 dxe5 13. Nxe5 Nxe5 14. Rxe5
Qxd3 15. Qa4+ Qd7 16. Qc2 O-O 17. b4 Rad8 18. g4 Bg6 19. Qd1 Ne4 20. Qe1 Nxd2
21. Bxd2 Qxd2 22. Qxd2 Rxd2 23. Rxe7 Rc8 24. Kg2 Rc2 25. b5 Rxc3 26. a4 Rc4 27.
Kg3 Be4 28. Ra3 Bc2 29. a5 Ra4 30. Rc3 Bg6 31. axb6 axb6 32. f4 f5 33. Rd3 fxg4
34. Rdd7 Bf5 35. Rxg7+ Kh8 36. Rdf7 gxh3 0-1

[Event "9. Forchheimer Sparkassen Open 2010"]
[Site "Forchheim"]
[Date "2010.10.01"]
[Round "1.57"]
[White "Salberg, Evelyne"]
[Black "Meier, Hans"]
[Result "1-0"]
[WhiteElo "2400"]
[BlackElo "2400"]
[PlyCount "57"]
[EventDate "2010.??.??"]
[TimeControl "300"]

1. d4 d5 2. g3 Nf6 3. Bg2 g6 4. Nf3 Bg7 5. O-O O-O 6. Re1 Bf5 7. c3 b6 8. Bg5
Ne4 9. Bc1 c5 10. Qa4 Qd6 11. Bf4 Qc6 12. Qd1 Nd7 13. Nbd2 Rfe8 14. Be5 Bxe5
15. Nxe5 Nxe5 16. dxe5 Rad8 17. Nf3 c4 18. Nd4 Qc5 19. e3 Bc8 20. Qc2 Ng5 21.
Rad1 Ne6 22. Qa4 b5 23. Nxb5 Bd7 24. Rxd5 Bxb5 25. Qxb5 Rxd5 26. Qxe8+ Kg7 27.
Bxd5 Qxd5 28. Qxe7 Ng5 29. Qxg5 1-0

[Event "9. Forchheimer Sparkassen Open 2010"]
[Site "Forchheim"]
[Date "2010.10.01"]
[Round "1.58"]
[White "Meier, Martin"]
[Black "Seidl, Josef"]
[Result "1-0"]
[WhiteElo "2400"]
[BlackElo "2400"]
[PlyCount "81"]
[EventDate "2010.??.??"]
[TimeControl "300"]

1. c4 c5 2. Nc3 g6 3. b3 Bg7 4. Bb2 Nf6 5. Qc2 O-O 6. e3 d6 7. Nf3 Nbd7 8. g3
Rb8 9. O-O-O a6 10. d4 b6 11. Be2 Bb7 12. d5 Qc7 13. h3 e5 14. Ng5 Rfe8 15. h4
Nf8 16. e4 Bc8 17. f3 Nh5 18. Rdg1 Bh6 19. f4 Nf6 20. Kb1 Bg4 21. Bxg4 Nxg4 22.
Bc1 Bg7 23. h5 f6 24. Rh4 fxg5 25. Rxg4 gxf4 26. hxg6 Nxg6 27. gxf4 exf4 28.
Qd3 Bxc3 29. Qxc3 Qg7 30. e5 dxe5 31. Qd3 e4 32. Qc2 Qd4 33. Rd1 Qg7 34. Bxf4
e3 35. Bxb8 Rxb8 36. Re4 Qh6 37. d6 Rd8 38. d7 Qh3 39. Re8+ Rxe8 40. dxe8=Q+
Nf8 41. Rg1+ 1-0

[Event "9. Forchheimer Sparkassen Open 2010"]
[Site "Forchheim"]
[Date "2010.10.01"]
[Round "1.59"]
[White "Boudkeev, Timour"]
[Black "Krissmann, Gordana"]
[Result "1-0"]
[WhiteElo "1833"]
[BlackElo "1313"]
[PlyCount "81"]
[EventDate "2010.??.??"]
[WhiteTeam "SG Zürich"]
[BlackTeam "SC-SF 1957 Stockstadt"]

1. d4 {[%emt 0:00:00]} d6 {[%emt 0:00:02]} 2. c4 {[%emt 0:00:01]} e5 {
[%emt 0:00:01]} 3. e3 {[%emt 0:00:02]} exd4 {[%emt 0:00:01]} 4. exd4 {
[%emt 0:00:02]} d5 {[%emt 0:00:02]} 5. Nf3 {[%emt 0:00:02]} Nf6 {[%emt 0:00:01]
} 6. Nc3 {[%emt 0:00:03]} Bb4 {[%emt 0:00:00]} 7. Bd2 {[%emt 0:00:02]} O-O {
[%emt 0:00:04]} 8. Nxd5 {[%emt 0:00:03]} Bxd2+ {[%emt 0:00:01]} 9. Qxd2 {
[%emt 0:00:02]} Nxd5 {[%emt 0:00:02]} 10. cxd5 {[%emt 0:00:01]} Qxd5 {
[%emt 0:00:02]} 11. Be2 {[%emt 0:00:02]} Nc6 {[%emt 0:00:02]} 12. O-O {
[%emt 0:00:03]} Bg4 {[%emt 0:00:02]} 13. Rfc1 {[%emt 0:00:04]} Bxf3 {
[%emt 0:00:02]} 14. Bxf3 {[%emt 0:00:01]} Qd6 {[%emt 0:00:07]} 15. Bxc6 {
[%emt 0:00:03]} bxc6 {[%emt 0:00:01]} 16. Qc3 {[%emt 0:00:02]} Rfc8 {
[%emt 0:00:07]} 17. Re1 {[%emt 0:00:03]} Rab8 {[%emt 0:00:02]} 18. Rac1 {
[%emt 0:00:03]} Rb6 {[%emt 0:00:02]} 19. Re2 {[%emt 0:00:02]} h6 {
[%emt 0:00:01]} 20. Rce1 {[%emt 0:00:04]} Rbb8 {[%emt 0:00:03]} 21. Re7 {
[%emt 0:00:06]} a5 {[%emt 0:00:02]} 22. g3 {[%emt 0:00:03]} Rb4 {[%emt 0:00:36]
} 23. Qf3 {[%emt 0:00:03]} Qg6 {[%emt 0:00:03]} 24. Qa3 {[%emt 0:00:03]} Qd6 {
[%emt 0:00:03]} 25. Qxa5 {[%emt 0:00:03]} Qxd4 {[%emt 0:00:02]} 26. Qf5 {
[%emt 0:00:02]} Rf8 {[%emt 0:00:02]} 27. Rxf7 {[%emt 0:00:02]} Rd8 {
[%emt 0:00:06]} 28. Rxc7 {[%emt 0:00:03]} Rf8 {[%emt 0:00:04]} 29. Qe6+ {
[%emt 0:00:05]} Kh8 {[%emt 0:00:02]} 30. Qe3 {[%emt 0:00:02]} Qxb2 {
[%emt 0:00:02]} 31. Re2 {[%emt 0:00:03]} Qa1+ {[%emt 0:00:02]} 32. Kg2 {
[%emt 0:00:50]} Rb2 {[%emt 0:00:01]} 33. Rxg7 {[%emt 0:00:08]} Kxg7 {
[%emt 0:00:03]} 34. Qe5+ {[%emt 0:00:01]} Kg8 {[%emt 0:00:03]} 35. Qxb2 {
[%emt 0:00:05]} Qd1 {[%emt 0:00:03]} 36. Qb3+ {[%emt 0:00:02]} Qd5+ {
[%emt 0:00:03]} 37. Qxd5+ {[%emt 0:00:02]} cxd5 {[%emt 0:00:01]} 38. Rd2 {
[%emt 0:00:01]} Ra8 {[%emt 0:00:04]} 39. Rxd5 {[%emt 0:00:01]} Rxa2 {
[%emt 0:00:02]} 40. Rd7 {[%emt 0:00:02]} h5 {[%emt 0:00:02]} 41. Rd5 {
[%emt 0:00:05]} 1-0

[Event "9. Forchheimer Sparkassen Open 2010"]
[Site "Forchheim"]
[Date "2010.10.01"]
[Round "1.60"]
[White "Moskowicz, Daniel"]
[Black "Diener, Carolin"]
[Result "1/2-1/2"]
[WhiteElo "1562"]
[BlackElo "1359"]
[PlyCount "81"]
[EventDate "2010.??.??"]
[WhiteTeam "SC Forchheim e.V."]
[BlackTeam "SAbt TuS Makkabi Ffm"]

1. e4 {[%emt 0:00:00]} e5 {[%emt 0:00:01]} 2. Nf3 {[%emt 0:00:02]} Nc6 {
[%emt 0:00:02]} 3. Bb5 {[%emt 0:00:18]} a6 {[%emt 0:00:01]} 4. Ba4 {
[%emt 0:00:03]} d6 {[%emt 0:00:02]} 5. O-O {[%emt 0:00:03]} Nf6 {[%emt 0:00:01]
} 6. Re1 {[%emt 0:00:03]} Bd7 {[%emt 0:00:02]} 7. c3 {[%emt 0:00:03]} Be7 {
[%emt 0:00:02]} 8. d3 {[%emt 0:00:02]} O-O {[%emt 0:00:03]} 9. Nbd2 {
[%emt 0:00:03]} h6 {[%emt 0:00:02]} 10. Nf1 {[%emt 0:00:03]} Nh7 {
[%emt 0:00:02]} 11. Ng3 {[%emt 0:00:03]} Ng5 {[%emt 0:00:02]} 12. h3 {
[%emt 0:00:01]} Nxf3+ {[%emt 0:00:01]} 13. Qxf3 {[%emt 0:00:02]} Bg5 {
[%emt 0:00:02]} 14. Bb3 {[%emt 0:00:04]} Qe7 {[%emt 0:00:03]} 15. Qh5 {
[%emt 0:00:20]} Bxc1 {[%emt 0:00:02]} 16. Raxc1 {[%emt 0:00:03]} Kh8 {
[%emt 0:00:03]} 17. Re3 {[%emt 0:00:03]} Be8 {[%emt 0:00:02]} 18. Nf5 {
[%emt 0:00:03]} Qf6 {[%emt 0:00:04]} 19. Rg3 {[%emt 0:00:02]} Rg8 {
[%emt 0:00:02]} 20. Re1 {[%emt 0:00:03]} Ne7 {[%emt 0:00:02]} 21. Nxe7 {
[%emt 0:00:02]} Qxe7 {[%emt 0:00:01]} 22. Ree3 {[%emt 0:00:01]} Rf8 {
[%emt 0:00:02]} 23. Qg4 {[%emt 0:00:03]} Rg8 {[%emt 0:00:01]} 24. h4 {
[%emt 0:00:02]} Rd8 {[%emt 0:00:16]} 25. Ref3 {[%emt 0:00:04]} Qd7 {
[%emt 0:00:01]} 26. Qxd7 {[%emt 0:00:03]} Rxd7 {[%emt 0:00:01]} 27. Rf5 {
[%emt 0:00:02]} Kh7 {[%emt 0:00:01]} 28. f4 {[%emt 0:00:03]} g6 {[%emt 0:00:01]
} 29. Rf6 {[%emt 0:00:03]} Kg7 {[%emt 0:00:02]} 30. fxe5 {[%emt 0:00:01]} dxe5
{[%emt 0:00:01]} 31. Rgf3 {[%emt 0:00:03]} Rf8 {[%emt 0:00:03]} 32. Kf2 {
[%emt 0:00:03]} Re7 {[%emt 0:00:02]} 33. Bc2 {[%emt 0:00:02]} Bd7 {
[%emt 0:00:02]} 34. Kg3 {[%emt 0:00:02]} Be6 {[%emt 0:00:04]} 35. b3 {
[%emt 0:00:02]} h5 {[%emt 0:00:01]} 36. d4 {[%emt 0:00:02]} Bg4 {[%emt 0:00:02]
} 37. Rf2 {[%emt 0:00:03]} exd4 {[%emt 0:00:02]} 38. cxd4 {[%emt 0:00:02]} Bf5
{[%emt 0:00:16]} 39. e5 {[%emt 0:00:02]} Bxc2 {[%emt 0:00:02]} 40. Rxc2 {
[%emt 0:00:02]} Rd8 {[%emt 0:00:02]} 41. Rf4 {[%emt 0:00:04]} 1/2-1/2

[Event "9. Forchheimer Sparkassen Open 2010"]
[Site "Forchheim"]
[Date "2010.10.02"]
[Round "2.1"]
[White "Schloetterer, Hermann"]
[Black "Heunemann, Dieter"]
[Result "1/2-1/2"]
[WhiteElo "1980"]
[BlackElo "2153"]
[PlyCount "71"]
[EventDate "2010.??.??"]
[WhiteTeam "SC Noris-Tarrasch Nürnberg 1873"]
[BlackTeam "SV Jenapharm Jena"]

1. d4 {[%emt 0:00:00]} d5 {[%emt 0:00:02]} 2. g3 {[%emt 0:00:02]} Nf6 {
[%emt 0:00:02]} 3. Bg2 {[%emt 0:00:02]} Bf5 {[%emt 0:00:05]} 4. Nf3 {
[%emt 0:00:03]} e6 {[%emt 0:00:02]} 5. O-O {[%emt 0:00:02]} Bd6 {[%emt 0:00:02]
} 6. c4 {[%emt 0:00:02]} c6 {[%emt 0:00:02]} 7. b3 {[%emt 0:00:02]} Nbd7 {
[%emt 0:00:03]} 8. Bb2 {[%emt 0:00:02]} O-O {[%emt 0:00:02]} 9. Nc3 {
[%emt 0:00:02]} Ne4 {[%emt 0:00:02]} 10. Nd2 {[%emt 0:00:02]} Nxc3 {
[%emt 0:00:04]} 11. Bxc3 {[%emt 0:00:02]} Qe7 {[%emt 0:00:02]} 12. e4 {
[%emt 0:00:12]} dxe4 {[%emt 0:00:03]} 13. Nxe4 {[%emt 0:00:03]} Bb4 {
[%emt 0:00:03]} 14. Qd2 {[%emt 0:00:02]} Bxc3 {[%emt 0:00:02]} 15. Qxc3 {
[%emt 0:00:02]} Bxe4 {[%emt 0:00:03]} 16. Bxe4 {[%emt 0:00:02]} Nf6 {
[%emt 0:00:01]} 17. Bf3 {[%emt 0:00:04]} Rad8 {[%emt 0:00:03]} 18. Rad1 {
[%emt 0:00:04]} Rd7 {[%emt 0:00:02]} 19. Rfe1 {[%emt 0:00:04]} Rfd8 {
[%emt 0:00:02]} 20. Kg2 {[%emt 0:00:02]} h6 {[%emt 0:00:05]} 21. a4 {
[%emt 0:00:02]} Rd6 {[%emt 0:00:07]} 22. Rd2 {[%emt 0:00:02]} Qc7 {
[%emt 0:00:04]} 23. Red1 {[%emt 0:00:02]} R6d7 {[%emt 0:00:06]} 24. h3 {
[%emt 0:00:02]} Ne8 {[%emt 0:00:01]} 25. Qe3 {[%emt 0:00:02]} Qb6 {
[%emt 0:00:03]} 26. g4 {[%emt 0:00:02]} Qb4 {[%emt 0:00:02]} 27. Rd3 {
[%emt 0:00:02]} Nf6 {[%emt 0:00:11]} 28. h4 {[%emt 0:00:03]} Qe7 {
[%emt 0:00:02]} 29. Kh3 {[%emt 0:00:02]} e5 {[%emt 0:00:02]} 30. g5 {
[%emt 0:00:02]} Qe6+ {[%emt 0:00:02]} 31. Kg3 {[%emt 0:00:02]} e4 {
[%emt 0:00:02]} 32. R3d2 {[%emt 0:00:02]} exf3 {[%emt 0:00:02]} 33. gxf6 {
[%emt 0:00:03]} Qd6+ {[%emt 0:00:03]} 34. Kxf3 {[%emt 0:00:03]} Qxf6+ {
[%emt 0:00:02]} 35. Qf4 {[%emt 0:00:02]} Qg6 {[%emt 0:00:02]} 36. Qe5 {
[%emt 0:00:02]} 1/2-1/2

[Event "9. Forchheimer Sparkassen Open 2010"]
[Site "Forchheim"]
[Date "2010.10.02"]
[Round "2.2"]
[White "Krauss, Andreas"]
[Black "Becker, Ralph"]
[Result "1-0"]
[WhiteElo "1897"]
[BlackElo "1755"]
[PlyCount "75"]
[EventDate "2010.??.??"]
[WhiteTeam "SV Deggendorf"]
[BlackTeam "SC 1975 Paimar"]

1. e4 {[%emt 0:00:00]} c5 {[%emt 0:00:01]} 2. c4 {[%emt 0:00:02]} d6 {
[%emt 0:00:01]} 3. Ne2 {[%emt 0:00:02]} e5 {[%emt 0:00:01]} 4. Nbc3 {
[%emt 0:00:02]} Nf6 {[%emt 0:00:02]} 5. d3 {[%emt 0:00:02]} Be7 {[%emt 0:00:01]
} 6. g3 {[%emt 0:00:02]} O-O {[%emt 0:00:01]} 7. Bg2 {[%emt 0:00:03]} Nc6 {
[%emt 0:00:02]} 8. O-O {[%emt 0:00:02]} a6 {[%emt 0:00:02]} 9. h3 {
[%emt 0:00:02]} Rb8 {[%emt 0:00:02]} 10. f4 {[%emt 0:00:02]} b5 {[%emt 0:00:02]
} 11. b3 {[%emt 0:00:04]} Bd7 {[%emt 0:00:00]} 12. Be3 {[%emt 0:00:03]} Qa5 {
[%emt 0:00:02]} 13. Nd5 {[%emt 0:00:02]} Nxd5 {[%emt 0:00:01]} 14. cxd5 {
[%emt 0:00:02]} Nd4 {[%emt 0:00:02]} 15. fxe5 {[%emt 0:00:02]} dxe5 {
[%emt 0:00:01]} 16. Nxd4 {[%emt 0:00:02]} cxd4 {[%emt 0:00:01]} 17. Bd2 {
[%emt 0:00:01]} Qb6 {[%emt 0:00:01]} 18. b4 {[%emt 0:00:03]} Qg6 {
[%emt 0:00:02]} 19. Kh2 {[%emt 0:00:01]} Bg5 {[%emt 0:00:01]} 20. Rc1 {
[%emt 0:00:01]} Rbc8 {[%emt 0:00:07]} 21. Qe2 {[%emt 0:00:04]} Qh6 {
[%emt 0:00:02]} 22. Bxg5 {[%emt 0:00:03]} Qxg5 {[%emt 0:00:01]} 23. Rc5 {
[%emt 0:00:02]} f5 {[%emt 0:00:02]} 24. exf5 {[%emt 0:00:02]} Rce8 {
[%emt 0:00:03]} 25. h4 {[%emt 0:00:05]} Qh6 {[%emt 0:00:02]} 26. Bh3 {
[%emt 0:00:02]} Qd6 {[%emt 0:00:02]} 27. a3 {[%emt 0:00:02]} Rf6 {
[%emt 0:00:01]} 28. Qe4 {[%emt 0:00:02]} Ref8 {[%emt 0:00:01]} 29. g4 {
[%emt 0:00:01]} g6 {[%emt 0:00:01]} 30. Rc2 {[%emt 0:00:03]} Kh8 {
[%emt 0:00:01]} 31. Re2 {[%emt 0:00:22]} gxf5 {[%emt 0:00:02]} 32. gxf5 {
[%emt 0:00:02]} Rh6 {[%emt 0:00:01]} 33. Qxe5+ {[%emt 0:00:04]} Qxe5+ {
[%emt 0:00:01]} 34. Rxe5 {[%emt 0:00:01]} Rxh4 {[%emt 0:00:03]} 35. Kg3 {
[%emt 0:00:05]} Rh5 {[%emt 0:00:01]} 36. Rf4 {[%emt 0:00:02]} Rg5+ {
[%emt 0:00:02]} 37. Kf3 {[%emt 0:00:02]} h5 {[%emt 0:00:02]} 38. Ke4 {
[%emt 0:00:02]} 1-0

[Event "9. Forchheimer Sparkassen Open 2010"]
[Site "Forchheim"]
[Date "2010.10.02"]
[Round "2.3"]
[White "Niebler, Paul"]
[Black "Winkelmeier, Alfred"]
[Result "1/2-1/2"]
[WhiteElo "1880"]
[BlackElo "1753"]
[PlyCount "108"]
[EventDate "2010.??.??"]
[WhiteTeam "SV Haunwöhr SAbt"]
[BlackTeam "SV Ilmmünster"]

1. d4 {[%emt 0:00:00]} d5 {[%emt 0:00:02]} 2. Nf3 {[%emt 0:00:02]} Nc6 {
[%emt 0:00:02]} 3. Bg5 {[%emt 0:00:02]} Bg4 {[%emt 0:00:03]} 4. e3 {
[%emt 0:00:03]} Qd6 {[%emt 0:00:02]} 5. c4 {[%emt 0:00:02]} Qb4+ {
[%emt 0:00:01]} 6. Nbd2 {[%emt 0:00:05]} O-O-O {[%emt 0:00:02]} 7. Be2 {
[%emt 0:00:02]} f6 {[%emt 0:00:02]} 8. Bh4 {[%emt 0:00:02]} g5 {[%emt 0:00:02]}
9. Bg3 {[%emt 0:00:02]} h5 {[%emt 0:00:02]} 10. h4 {[%emt 0:00:02]} Bxf3 {
[%emt 0:00:02]} 11. Bxf3 {[%emt 0:00:01]} gxh4 {[%emt 0:00:03]} 12. Bxh4 {
[%emt 0:00:02]} e6 {[%emt 0:00:02]} 13. O-O {[%emt 0:00:03]} Be7 {
[%emt 0:00:02]} 14. Qc2 {[%emt 0:00:06]} f5 {[%emt 0:00:02]} 15. a3 {
[%emt 0:00:02]} Qd6 {[%emt 0:00:02]} 16. Bg3 {[%emt 0:00:02]} Qd7 {
[%emt 0:00:02]} 17. b4 {[%emt 0:00:03]} h4 {[%emt 0:00:02]} 18. Bf4 {
[%emt 0:00:02]} Bd6 {[%emt 0:00:02]} 19. Bxd6 {[%emt 0:00:05]} Qxd6 {
[%emt 0:00:02]} 20. b5 {[%emt 0:00:03]} h3 {[%emt 0:00:01]} 21. c5 {
[%emt 0:00:07]} Nxd4 {[%emt 0:00:02]} 22. cxd6 {[%emt 0:00:02]} Nxc2 {
[%emt 0:00:01]} 23. dxc7 {[%emt 0:00:08]} Rd7 {[%emt 0:00:05]} 24. Ra2 {
[%emt 0:00:03]} hxg2 {[%emt 0:00:13]} 25. Bxg2 {[%emt 0:00:05]} Nxe3 {
[%emt 0:00:02]} 26. fxe3 {[%emt 0:00:02]} Kxc7 {[%emt 0:00:02]} 27. Nf3 {
[%emt 0:00:02]} Nf6 {[%emt 0:00:02]} 28. Rb2 {[%emt 0:00:03]} Ng4 {
[%emt 0:00:02]} 29. b6+ {[%emt 0:00:02]} axb6 {[%emt 0:00:03]} 30. Rc1+ {
[%emt 0:00:02]} Kd6 {[%emt 0:00:02]} 31. Rxb6+ {[%emt 0:00:02]} Ke7 {
[%emt 0:00:03]} 32. Nd4 {[%emt 0:00:03]} Rh6 {[%emt 0:00:10]} 33. Rc3 {
[%emt 0:00:04]} Kf7 {[%emt 0:00:02]} 34. a4 {[%emt 0:00:03]} Rg6 {
[%emt 0:00:02]} 35. Rcb3 {[%emt 0:00:02]} Ne5 {[%emt 0:00:02]} 36. Rxb7 {
[%emt 0:00:03]} Ke8 {[%emt 0:00:03]} 37. Rxd7 {[%emt 0:00:02]} Kxd7 {
[%emt 0:00:01]} 38. Rb7+ {[%emt 0:00:02]} Kc8 {[%emt 0:00:02]} 39. Re7 {
[%emt 0:00:02]} Ng4 {[%emt 0:00:02]} 40. Nxe6 {[%emt 0:00:03]} Nxe3 {
[%emt 0:00:03]} 41. Nf4 {[%emt 0:00:04]} Rg4 {[%emt 0:00:02]} 42. Rxe3 {
[%emt 0:00:02]} Rxf4 {[%emt 0:00:02]} 43. Ra3 {[%emt 0:00:03]} d4 {
[%emt 0:00:02]} 44. a5 {[%emt 0:00:02]} Kb8 {[%emt 0:00:02]} 45. a6 {
[%emt 0:00:02]} Ka7 {[%emt 0:00:02]} 46. Bb7 {[%emt 0:00:05]} Rg4+ {
[%emt 0:00:03]} 47. Kf2 {[%emt 0:00:02]} f4 {[%emt 0:00:01]} 48. Rd3 {
[%emt 0:00:02]} Rh4 {[%emt 0:00:02]} 49. Rxd4 {[%emt 0:00:04]} Rh8 {
[%emt 0:00:02]} 50. Rd7 {[%emt 0:00:02]} Rf8 {[%emt 0:00:02]} 51. Rg7 {
[%emt 0:00:03]} Kb6 {[%emt 0:00:03]} 52. Kf3 {[%emt 0:00:02]} Ka7 {
[%emt 0:00:02]} 53. Bc8+ {[%emt 0:00:02]} Kb6 {[%emt 0:00:03]} 54. Rb7+ {
[%emt 0:00:02]} Kxa6 {[%emt 0:00:01]} 1/2-1/2

[Event "9. Forchheimer Sparkassen Open 2010"]
[Site "Forchheim"]
[Date "2010.10.02"]
[Round "2.4"]
[White "Stephan, Michael"]
[Black "Nahlik, Bernhard"]
[Result "1/2-1/2"]
[WhiteElo "1862"]
[BlackElo "1752"]
[PlyCount "72"]
[EventDate "2010.??.??"]
[WhiteTeam "SC Forchheim e.V."]
[BlackTeam "SC Ansbach 1855 e.V."]

1. e4 {[%emt 0:00:00]} c6 {[%emt 0:00:01]} 2. d4 {[%emt 0:00:02]} d5 {
[%emt 0:00:01]} 3. exd5 {[%emt 0:00:03]} cxd5 {[%emt 0:00:02]} 4. Bd3 {
[%emt 0:00:02]} Nf6 {[%emt 0:00:02]} 5. Ne2 {[%emt 0:00:03]} Nc6 {
[%emt 0:00:02]} 6. c3 {[%emt 0:00:02]} Bg4 {[%emt 0:00:02]} 7. O-O {
[%emt 0:00:02]} e6 {[%emt 0:00:01]} 8. f3 {[%emt 0:00:02]} Bh5 {[%emt 0:00:01]}
9. Nf4 {[%emt 0:00:02]} Bg6 {[%emt 0:00:01]} 10. Nxg6 {[%emt 0:00:02]} hxg6 {
[%emt 0:00:02]} 11. f4 {[%emt 0:00:02]} Bd6 {[%emt 0:00:01]} 12. g3 {
[%emt 0:00:05]} Qc7 {[%emt 0:00:02]} 13. Kg2 {[%emt 0:00:02]} Ne7 {
[%emt 0:00:04]} 14. Nd2 {[%emt 0:00:04]} Nf5 {[%emt 0:00:02]} 15. Bb5+ {
[%emt 0:00:03]} Kf8 {[%emt 0:00:02]} 16. Nf3 {[%emt 0:00:02]} a6 {
[%emt 0:00:02]} 17. Bd3 {[%emt 0:00:02]} Ng4 {[%emt 0:00:02]} 18. Qe1 {
[%emt 0:00:02]} Kg8 {[%emt 0:00:02]} 19. h3 {[%emt 0:00:02]} Nf6 {
[%emt 0:00:02]} 20. g4 {[%emt 0:00:04]} Ne7 {[%emt 0:00:01]} 21. Ne5 {
[%emt 0:00:04]} Nc6 {[%emt 0:00:02]} 22. Be3 {[%emt 0:00:03]} Rb8 {
[%emt 0:00:03]} 23. Bf2 {[%emt 0:00:02]} Na5 {[%emt 0:00:02]} 24. Bg3 {
[%emt 0:00:02]} Re8 {[%emt 0:00:02]} 25. Qf2 {[%emt 0:00:13]} Nc6 {
[%emt 0:00:02]} 26. Rae1 {[%emt 0:00:03]} Nd8 {[%emt 0:00:02]} 27. Qc2 {
[%emt 0:00:02]} Nd7 {[%emt 0:00:02]} 28. Qd2 {[%emt 0:00:02]} Nxe5 {
[%emt 0:00:03]} 29. fxe5 {[%emt 0:00:02]} Be7 {[%emt 0:00:01]} 30. Qf2 {
[%emt 0:00:02]} g5 {[%emt 0:00:00]} 31. Rh1 {[%emt 0:00:04]} g6 {[%emt 0:00:00]
} 32. h4 {[%emt 0:00:03]} Kg7 {[%emt 0:00:03]} 33. hxg5 {[%emt 0:00:01]} Bxg5 {
[%emt 0:00:05]} 34. Bh4 {[%emt 0:00:04]} Qe7 {[%emt 0:00:06]} 35. Bg3 {
[%emt 0:00:03]} Rxh1 {[%emt 0:00:02]} 36. Rxh1 {[%emt 0:00:03]} Rh8 {
[%emt 0:00:01]} 1/2-1/2